| 000 | 00714cab a2200229 4500 | ||
|---|---|---|---|
| 001 | ABS37648 | ||
| 008 | 090401t1987 xxu||||| |||| 00| 0 eng d | ||
| 035 | _a(Sirsi) u5864 | ||
| 041 | _aeng | ||
| 100 | _aJaffe, S. | ||
| 245 | _aSpeciality shopping centres | ||
| 260 | _c1987 | ||
| 350 | _a0 | ||
| 490 |
_aEstates Gazette _v281(6327) 28 March 1987, 1396-1397(2) |
||
| 520 | _aReviews the potential for speciality shopping centres in the UK. Emphasises the importance of the correct tenant mix, with reference to the Berkeley Centre , Bristol. | ||
| 650 | _aCONSUMER DEMAND | ||
| 650 | _aINVESTMENT | ||
| 650 | _aPROPERTY | ||
| 690 | _aPROPERTY-COMMERCIAL PROPERTY | ||
| 942 | _n0 | ||
| 948 | _c04/03/1997 | ||
| 999 |
_c3504 _d3504 |
||